000 00427nam a2200121 a 4500
001 000038745
005 20201002031345.0
008 130419s2006 dr 000 0 spa d
040 _aDO-SdBNP
_bspa
_cBNPHU
245 0 0 _aPor la superación de la pobreza y la equidad social :
_bmemoria 2006 /.
260 _aSanto Domingo :
_bCentro de Estudios Sociales ;
_bCentro Montalvo,
_c2006.
300 _a46 p. :
_bil., gráf., retrs. ;
_c29 cm.
999 _c38235
_d38235